Vista normal
Vista MARC
Entrada Topical Term
Número de registros utilizados en: 1
001 - CONTROL NUMBER
- control field: 38443
003 - CONTROL NUMBER IDENTIFIER
- control field: OSt
005 - DATE AND TIME OF LATEST TRANSACTION
- control field: 20210714105450.0
008 - FIXED-LENGTH DATA ELEMENTS
- fixed length control field: 210714|| aca||aabn | a|a d
040 ## - CATALOGING SOURCE
- Original cataloging agency: OSt
- Transcribing agency: OSt
150 ## - HEADING--TOPICAL TERM
- Topical term or geographic name entry element: Discursos
- General subdivision: ensayos económicos
670 ## - SOURCE DATA FOUND
- Source citation: Work cat.: (OSt)11907: Harcourt, Geoffrey Colin, autor 26773, Capital y crecimiento / , 1977